Draw me peace : (Record no. 213622)
[ view plain ]
| 000 -CABECERA | |
|---|---|
| campo de control de longitud fija | 00766nam a2200205 a 4500 |
| 003 - IDENTIFICADOR DEL NÚMERO DE CONTROL | |
| campo de control | MX-MxUPN |
| 005 - FECHA Y HORA DE LA ÚLTIMA TRANSACCIÓN | |
| campo de control | 20250707101220.0 |
| 008 - ELEMENTOS DE LONGITUD FIJA--INFORMACIÓN GENERAL | |
| campo de control de longitud fija | 250707t2003 fr|a||||r|||| 000 0 mul d |
| 040 ## - FUENTE DE LA CATALOGACIÓN | |
| Centro catalogador/agencia de origen | MX-MxUPN |
| Lengua de catalogación | spa |
| Centro/agencia transcriptor | MX-MxUPN |
| 041 0# - CÓDIGO DE IDIOMA | |
| Código de lengua del texto/banda sonora o título independiente | eng |
| -- | fre |
| -- | spa |
| 050 14 - SIGNATURA TOPOGRÁFICA DE LA BIBLIOTECA DEL CONGRESO | |
| Número de clasificación | JZ5534 |
| Número de documento/Ítem | D73 2003 |
| 245 00 - MENCIÓN DE TÍTULO | |
| Título | Draw me peace : |
| Resto del título | children colour the world = Dessine-moi la paix : un monde aux couleurs de l'enfance = Dibújame la paz : un mundo con los colores de la infancia |
| 246 11 - FORMA VARIANTE DE TÍTULO | |
| Título propio/Titulo breve | Dessine-moi la paix : un monde aux couleurs de l'enfance |
| 246 11 - FORMA VARIANTE DE TÍTULO | |
| Título propio/Titulo breve | Dibújame la paz : un mundo con los colores de la infancia |
| 260 ## - PUBLICACIÓN, DISTRIBUCIÓN, ETC. | |
| Lugar de publicación, distribución, etc. | Paris : |
| Nombre del editor, distribuidor, etc. | Unesco, |
| Fecha de publicación, distribución, etc. | ©2003. |
| 300 ## - DESCRIPCIÓN FÍSICA | |
| Extensión | 71 páginas : |
| Otras características físicas | ilustraciones |
| 650 #4 - ASIENTO SECUNDARIO DE MATERIA - TERMINO TEMATICO | |
| Término de materia o nombre geográfico como elemento de entrada | Paz |
| 9 (RLIN) | 6176 |
| 902 ## - ELEMENTOS DE DATOS B LOCAL, LDB (RLIN) | |
| Creó | Víctor Ruiz/070725 |
| 942 ## - ELEMENTOS DE PUNTO DE ACCESO ADICIONAL (KOHA) | |
| Fuente del sistema de clasificación o colocación | Library of Congress Classification |
| Tipo de ítem Koha | Libro |
| Estado de retiro | Estado de pérdida | Fuente del sistema de clasificación o colocación | Estado dañado | No para préstamo | Código de colección | Localización permanente | Ubicación/localización actual | Ubicación en estantería | Fecha de adquisición | Total de préstamos | Clasificación | Código de barras | Fecha visto por última vez | Precio válido a partir de | Tipo de ítem Koha |
|---|---|---|---|---|---|---|---|---|---|---|---|---|---|---|---|
| Library of Congress Classification | Disponible (Préstamo en sala) | UNESCO | Bib. Gregorio Torres Quintero | Bib. Gregorio Torres Quintero | Colecciones especiales Planta alta | 07/07/2025 | JZ5534 D73 2003 | U13807 | 07/07/2025 | 07/07/2025 | Libro |
